| 000 | 00393pab a2200133 454500 | ||
|---|---|---|---|
| 008 | 180718b1989 xxu||||| |||| 00| 0 eng d | ||
| 100 | _aNyong, Michael O. | ||
| 245 |
_aThe impact of quality of management on the profitability of commercial banks _bThe Nigerian experience |
||
| 260 | _c1989 | ||
| 300 | _a199-21 | ||
| 650 | _aBanks - Nigeria | ||
| 773 | _aSaving and Development | ||
| 909 | _a4389 | ||
| 999 |
_c4389 _d4389 |
||